000 00454cam a2200181ua 4500
020 _c50.00
041 _aeng
_h
082 _a334.01
_bHAJ/PR
100 _aHajela, T.N .
245 _aPrinciples, problems and practice of co-operation /
_cT.N.Hajela.
_hTextual Documents
250 _a1 /
_b.
260 _a :
_bShivalal agrewala & co ,
_c1986.
300 _a744 ; .
365 _a50.00
504 _a
942 _cBK
999 _c2147
_d2147